| 000 | 00587nam a2200205 i 4500 | ||
|---|---|---|---|
| 001 | bg | ||
| 100 | 1 | _aGODYCKI-ĆWIRKO, Tadeusz | |
| 245 | 0 |
_aKonstrukcje sprężone / _cTadeusz Godycki-Ćwirko, Artem Czkwianianc. |
|
| 260 |
_aŁódź : _bPŁ, _c1984. |
||
| 300 |
_a296 s. : _brys., wykr. ; _c21 cm. |
||
| 490 | 1 | _aSkrypty dla Szkół Wyższych | |
| 504 | _aBibliogr. s. 294-296. | ||
| 700 | 1 | _aCZKWIANIANC, Artem | |
| 830 | _aSkrypty dla Szkół Wyższych | ||
| 040 | _cBPK | ||
| 041 | _apol | ||
| 080 | _a624.01(075.8) | ||
| 942 | _cKS | ||
| 008 | s pl f |000 0 pol | ||
| 999 |
_c947 _d947 |
||
| 856 |
_uhttp://koha.tu.koszalin.pl/cgi-bin/koha/opac-detail.pl?biblionumber=947 _yKatalog online BPK |
||